000 00224nam a22000857a 4500
008 161124b xxu||||| |||| 00| 0 eng d
100 _91350
_aBPI India
245 _aA Tasty Feast for the mice
260 _aNew Delhi
_bBPI India
_c2011
999 _c4064
_d4064